000 01046nas a2200349 4500
001 BR2012000522
003 BR-BrBNA
005 20231205120026.0
007 ta
008 230509b bl.|||p| |||| 00| 00por d
040 _aBR-BrBNA
_bpor
_cBiblioteca Nacional de Agricultura
041 _a(Pt)
072 _aF30; H20
100 1 _aAlvarenga, S.M.
100 1 _aCaixeta, E.T.
100 1 _aHufnagel, B.
100 1 _aThiebaut, F.
100 1 _aZambolim, E.M.
100 1 _aZambolim, L.
100 1 _aSakiyama, N.S.
245 1 _aMarcadores moleculares derivados de sequências expressas do genoma café potencialmente envolvidas na resistência à ferrugem
650 _aCAFÉ
650 _aMARCADOR MOLECULAR
650 _aFERRUGEM
650 _aFUNGO
650 _aVARIEDADE RESISTENTE
650 _aGENOMA
650 _aDNA
773 0 _tPesquisa Agropecuária Brasileira (Brazil)
_xISSN 0100-204X
_g(Aug 2011), v. 46(8) p. 890-898
_wBR2012000522
909 _a202311
_bLúcia
_c55
_dLúcia Elande
942 _2AGRIS
_n0
_cANA
999 _c216725
_d216725